| 000 | 00355nam a2200133Ia 4500 | ||
|---|---|---|---|
| 008 | 220615s9999||||xx |||||||||||||| ||und|| | ||
| 020 | _a9780260000000 | ||
| 100 | _aSuber, Peter | ||
| 245 | 0 | _aOpen Access | |
| 546 | _aEnglish[eng] | ||
| 650 | _aLibrary and information services | ||
| 856 | _uhttps://doi.org/10.7551/mitpress/9286.001.0001 | ||
| 942 | _cEB | ||
| 999 |
_c11920 _d11920 |
||